000 00192nmm a2200085Ia 4500
008 220120s9999||||xx |||||||||||||||||und||
100 _aEFY
245 0 _aRaspbian kali linux
260 _aEFY
_c2016
999 _c139996
_d139996